01169nam a2200193Ia 4500001001100000003001000011008004100021040002500062041001300087100001100100245009000111250001100201260008600212300001200298500026400310501011400574520026400688650002300952L248-15614IT-CnALBA170116s9999||||xx |||||||||||||| ||und|| aIT-CnALBAcIT-CnALBA aITALIANO aMEY G. 0aIL REGNO DEI CIELI ANNUNCIATO PER LA PRIMA VOLTA AI FANCIULLI. LEZIONCINE RELIGIOSE.  a1a ed. a CREMONAbCREMONESE UNIONE TIPOG. c1906 [1° Ed.:1906 - Ed.Ling.Originale: 1906] a287 p.  aTRADUZIONE DAL TEDESCO DI CARLO GILBERTI. BIBLIOTECA CANONICO CHIESA. DIO. TRINITÀ. CREATORE. ANGELI. PARADISO TERRESTRE. PECCATO ORIGINALE. ADAMO. CAINO ED ABELE. DILUVIO. COMANDAMENTI. PADRE NOSTRO. PREGHIERE MATTINO E SERA. S. MESSA. VITA DI GESÙ, PRIV aSocietà San Paolo EM - Piazza San Paolo, 14 - 12051 ALBA (CN) (non commercial uses only) ® Copyright 2017 aTRADUZIONE DAL TEDESCO DI CARLO GILBERTI. BIBLIOTECA CANONICO CHIESA. DIO. TRINITÀ. CREATORE. ANGELI. PARADISO TERRESTRE. PECCATO ORIGINALE. ADAMO. CAINO ED ABELE. DILUVIO. COMANDAMENTI. PADRE NOSTRO. PREGHIERE MATTINO E SERA. S. MESSA. VITA DI GESÙ, PRIV aASCETICA E MISTICA